عرض عادي
عرض مارك
- Physical Therapy Specialty
مدخل مصطلح موضوعي
001 - رقم الضبط
- حقل الضبط: 45770
003 - معرف رقم الضبط
- حقل الضبط: OSt
005 - تاريخ ووقت أخر عملية
- حقل الضبط: 20140622115506.0
008 - عناصر بيانات ثابتة الطول
- حقل تحكم ثابت الطول: 140622|||a|||||| | ||| d
040 ## - مصدر الفهرسة
- هيئة الفهرسة الأصلية: OSt
- وكالة الكتابة: OSt
150 ## - مدخل-- مصطلح تاريخي
- عنصر مدخل المصطلح الموضوعي او الاسم الجغرافي: Physical Therapy Specialty
- تفريع عام: education.
670 ## - بيانات المصدر موجوده
- الاستشهاد بالمصدر: Work cat.: (OSt)0: Handbook of teaching and learning for physical therapists /, c2013.
